| 000 | 00518naa a22001217u 4500 | ||
|---|---|---|---|
| 008 | 130517b1991 xxu||||| |||| 00| 0 spa d | ||
| 040 | _aSPA | ||
| 100 | 1 |
_aRojas, Reinaldo _97666 |
|
| 245 | 0 | 0 | _aEspacio, población y economia en la región Barquisimeto, provincia de Venezuela (1530-1810) |
| 300 |
_a27-32 p. _c30 cm. |
||
| 773 | 0 |
_tEstudios de Historia social y económica de América:E.H.S.E.A. _aLUCENA SALMORAL, Manuel _dAlcalá de Henares,Universidad de Alcalá de Henares,1991, _gpágs. 27-32, _w64998 |
|
| 942 | _cAC | ||
| 999 |
_c220039 _d220039 |
||